Baixamento de trem e flapes por emergência - Statistics

Estatísticas Gerais
  • Esse quiz foi jogado 124 vezes
  • A pontuação média é 5 de 11
Estatísticas das Respostas
Hint Resposta % Correto
1 velocidade 90 kt
100%
3 seletora de emergência trem
80%
2 válvula de descarga abrir
80%
4 comando do trem baixar
60%
8 bomba manual acionar
20%
5 bomba manual acionar até o endurecimento total
20%
11 bomba manual acionar até o endurecimento total
20%
9 indicador dos flapes verificar
20%
6 luz de aviso do trem verificar
20%
7 seletora de emergência flapes
20%
10 seletora de emergência trem
20%
Nenhum quiz correspondente encontrado
Distribuição das Pontuações
Porcentagem de Pessoas com Cada Pontuação
Percentil de Números Respondidos
Sua Pontuação Histórica
Você não jogou esse quiz